Diktáty a pravopisné cvičenia pre 4. ročník základných škôl

Bibliographic Details
Main Author: Holovačová, Anna (Author)
Format: Book
Language:Slovak
PhysicalDescription:80 strán ilustrácie, tabuľky 24 cm
Published: Bratislava Ikar, a.s. - Príroda 2018
ISBN:9788055161655
Edition:Druhé vydanie
Series:Príroda
Subjects:

MARC

LEADER 00000cam a2200000 4500
001 vtls011766428
003 SK-MaSNL
005 20260301100347.0
008 200104s2018 xo al c p 000 0 slo
015 |a SNBA2018/07 
020 |a 9788055161655  |q (brožované) 
035 |a urn:nbn:sk:snk-am00d45o 
035 |a urn:nbn:sk:snk-am3hl2t 
035 |a 6CE34954-A78D-40B3-ACBB-5332527CFD99 
040 |a SNK  |b slo  |c SNK  |e rda 
041 0 |a slo 
044 |a xo  |c SK 
072 7 |a 373.2/.3  |x Predškolská a primárna výchova a vzdelávanie  |2 konspekt 
072 7 |a 811.162.4  |x Slovenčina  |2 konspekt 
080 |a 811.162.4  |2 2011 
080 |a 81'35  |2 2011 
080 |a (075.2)  |2 2011 
080 |a (076.3)  |2 2011 
100 1 |a Holovačová, Anna  |4 aut  |9 367081 
245 1 0 |a Diktáty a pravopisné cvičenia  |b pre 4. ročník základných škôl  |c Anna Holovačová 
250 |a Druhé vydanie 
264 1 |a Bratislava  |b Ikar, a.s. - Príroda  |c 2018 
300 |a 80 strán  |b ilustrácie, tabuľky  |c 24 cm 
336 |a text  |b txt  |2 rdacontent 
337 |a bez média  |b n  |2 rdamedia 
338 |a zväzok  |b nc  |2 rdacarrier 
490 1 |a Príroda 
650 0 7 |a slovenčina  |2 SNKPH  |9 1350 
650 0 7 |a pravopis  |2 SNKPH  |9 868 
650 0 7 |a Slovak language  |2 SNKPHeng  |9 266031 
650 0 7 |a Orthography and spelling  |2 SNKPHeng  |9 282043 
655 7 |a učebnice základných škôl  |2 SNKPH  |9 70187 
655 7 |a diktáty a cvičenia  |2 SNKPH  |9 70566 
655 7 |a Textbooks (elementary)  |2 SNKPHeng  |9 276977 
655 7 |a Language exercises and dictations  |2 SNKPHeng  |9 316923 
830 0 |a Príroda  |9 286715 
852 |a Štátna vedecká knižnica v Banskej Bystrici 
919 |a 978-80-551-6165-5 
999 |c 686088  |d 688018 
952 |a SNK  |b SNK  |y PREZ  |7 0  |p 17A1334530  |o snkSC 180362  |i snk2018/15426  |8 0  |0 0  |1 0  |4 0  |d 2018-07-19  |f 1  |l 0  |r 2026-02-23 20:11:57  |w 2026-02-23 
952 |a SNK  |b SNK  |y VYP  |7 0  |p 17A1334531  |o snkSC 180362 D1  |i snk2018/15427  |8 0  |0 0  |1 0  |4 0  |d 2018-07-19  |l 0  |r 2026-02-23 20:11:57  |w 2026-02-23